00207nam a2200097 4500020001800000082001200018100001800030245001300048260004000061300000800101 a9788127255152 aSIN 576 aPhundan Singh aGENETICS aNew DelhibKalyani Publishersc2009 a509